| 000 | 00788 a2200205 4500 | ||
|---|---|---|---|
| 003 | Nust | ||
| 005 | 20230123144512.0 | ||
| 038 | _aTANVEER | ||
| 040 | _cNust | ||
| 082 | _a621.382 | ||
| 100 |
_aIqbal, Muhammad Shahid (MSEE-16) _935529 |
||
| 245 |
_aSpatial Spectrum Sensing Algorithm for Cognitive Radios _cMuhammad Shahid Iqbal |
||
| 260 |
_aRawalpindi _bMCS, NUST _c2012 |
||
| 300 | _ax,83, p; | ||
| 505 | _aIntroduction (page-1)Literature review (page-3) Adaptive spatial spectrum sensing for cognitive radios (page-26) PAPR based spectrum sensing for future wireless systems (page-37) Simulation and results (page-55) Conclusion and future works (page-66) | ||
| 538 | _aAlmirah No.69 Shelf No.2 | ||
| 650 |
_aPG Thesis _935000 |
||
| 651 |
_aMSEE-16 _935231 |
||
| 942 |
_cTHE _2ddc |
||
| 999 |
_c196705 _d196705 |
||